000 01052nam a2200217 4500
005 20250912152405.0
008 250912b |||||||| |||| 00| 0 eng d
020 _a9798511769950
040 _absop
100 _aDavis, Sarah S.
245 _aHow to write a book review :
_ba template for writing book reviews and discussion guides /
_cSarah S. Davis
264 _aPennsylvania:
_bBooks Production,
_cc2020.
300 _a110 pages ; 23 cm
336 _atext
337 _aunmediated
338 _avolume
505 0 _aDedication--Introduction--Crash Course in Writing Book Reviews--Introducing the Template--Part 1: Introduction--Part 2: Summary and Key Takeaways--Part 3: Discussion Questions (optional)--Part 4: Quotes (Optional)--Part 5: Pros and Cons--Part 6: Overall Assessment--Part 7: Similar Books (optional)--Part 8: Further Information--Congrats!--Appendix A--Appendix B--Appendix C-Bonus --Acknowledgements--About the Author--Other Books by This Author
650 _aBook reviews
650 _aDiscussion Guide
942 _2lcc
_cBK
999 _c54403
_d54403